Statistics for MLB Baseball Home Run Leaders by Decade

Click here to take the quiz!

General Stats

  • This quiz has been taken 13,338 times
    (3,316 since last reset)
  • The average score is 47 of 103

Answer Stats

DecadePlayer% Correct
2020sAaron Judge
95%
2010sMike Trout
89%
1990s, 2000sBarry Bonds
87%
1970sBobby Bonds
86%
2000sAlex Rodriguez
84%
1920s, 1930sBabe Ruth
84%
2000sVladimir Guerrero
84%
2020sVladimir Guerrero Jr.
84%
1990sKen Griffey Jr.
83%
2020sPete Alonso
81%
2020sJose Ramirez
80%
2000sManny Ramirez
80%
1990sMark McGwire
80%
2000s, 2010sAlbert Pujols
78%
1990sSammy Sosa
76%
2020sShohei Ohtani
76%
2010sGiancarlo Stanton
74%
1960sHank Aaron
73%
2010sMiguel Cabrera
73%
2000sAndruw Jones
72%
1950s, 1960sMickey Mantle
71%
1940sTed Williams
69%
1920sCy Williams
68%
1920sKen Williams
68%
1990sMatt Williams
68%
2020sSalvador Perez
68%
2000sJim Thome
67%
1970sLee May
67%
1970sTony Perez
67%
1970s, 1980sMike Schmidt
66%
1920s, 1930sLou Gehrig
65%
1990sFrank Thomas
64%
1970sReggie Jackson
64%
2010sJose Bautista
63%
2010sChris Davis
61%
1950s, 1960sWillie Mays
60%
1960sFrank Robinson
59%
1940sJoe DiMaggio
57%
2020sKyle Schwarber
55%
1950sStan Musial
55%
1960sHarmon Killebrew
54%
1970sJohnny Bench
54%
1990sJose Canseco
53%
2020sMatt Olson
52%
1970sWillie Stargell
52%
1990sJuan Gonzalez
51%
1930sJimmie Foxx
50%
1950s, 1960sErnie Banks
49%
2010sNelson Cruz
48%
1960sWillie McCovey
47%
2020sAustin Riley
45%
1980sEddie Murray
44%
1950sYogi Berra
44%
1990sAlbert Belle
43%
2010sEdwin Encarnacion
43%
1980sDale Murphy
41%
2000sAdam Dunn
40%
1960sFrank Howard
40%
1950sDuke Snider
39%
1930sMel Ott
38%
1980sAndre Dawson
37%
1950sEddie Mathews
37%
1990sRafael Palmeiro
37%
2000sCarlos Delgado
36%
2000sLance Berkman
34%
1920sRogers Hornsby
34%
1930sBob Johnson
33%
1930sHank Greenberg
31%
1990sFred McGriff
30%
1940sRalph Kiner
30%
1980sDave Winfield
29%
1980sDwight Evans
29%
1970sReggie Smith
29%
1980sDarrell Evans
28%
1920sHack Wilson
28%
1970sDave Kingman
25%
2020sMarcus Semien
25%
1980sJack Clark
22%
1950sGil Hodges
21%
2010sJay Bruce
21%
1940sJohnny Mize
21%
1960sOrlando Cepeda
20%
1970sGraig Nettles
19%
2010sJustin Upton
18%
1960sNorm Cash
18%
1950sTed Kluszewski
15%
1930sAl Simmons
14%
1930sChuck Klein
14%
1980sLance Parrish
14%
1980sTony Armas
14%
1940sJoe Gordon
13%
1940sBobby Doerr
11%
1920sBob Meusel
10%
1940sBill Nicholson
9%
1940sCharlie Keller
9%
1920sHarry Heilmann
9%
1920sJim Bottomley
9%
1940sRudy York
9%
1930sEarl Averill
8%
1950sGus Zernial
8%
1920sHigh Pockets Kelly
8%
1940sVern Stephens
8%
1930sWally Berger
8%

Score Distribution

Percentile by Number Answered

Percent of People with Each Score

Your Score History

You have not taken this quiz since the last reset